| 000 | 00000nam##2200000za#4500 |
| 001 | 9.686524 |
| 003 | CaOODSP |
| 005 | 20210624230556 |
| 007 | cr ||||||||||| |
| 008 | 150407|2003||||xxc|||||o f|0| 0 eng|d |
| 020 | |a0-662-34144-9 |
| 040 | |aCaOODSP|beng |
| 043 | |an-cn--- |
| 086 | 1 |aH21-216/2003E-IN |
| 110 | 1 |aCanada. |bHealth Canada. |
| 245 | 10|aExploring concepts of gender and health / |h[electronic resource]|cissued by Women's Health Bureau. |
| 260 | |aOttawa - Ontario : |bHealth Canada |c2003. |
| 300 | |a[5], ii, 62p.|breferences, tables |
| 520 | 3 |aThis guide aims to help researchers, policy analysts, program managers, and decision makers integrate gender-based analysis into their day-to-day work. It explains key concepts in gender-based analysis, provides a primer on how to integrate this analysis into the research-policy-program development cycle, and includes a selection of case studies. Also included are suggestions for further reading, a comprehensive list of resources related to gender and health, and a discussion of gender-based analysis and social trends. |
| 590 | |a03-33|b2003-08-15 |
| 590 | |a06-10-Supp|b2006-12-15 |
| 690 | 07|aGender equality|2gcpds |
| 690 | 07|aWomen's health|2gcpds |
| 690 | 07|aWorkplace|2gcpds |
| 775 | 08|tExploration des concepts liés à la santé et aux sexes / |w(CaOODSP)9.630992 |
| 856 | 40|ahttp://publications.gc.ca|qPDF|s539 KB|uhttps://publications.gc.ca/collections/Collection/H21-216-2003E.pdf |